Agrobacterium mediated genetic transformation in Hevea brasiliensis for recombinant protein production (Record no. 48889)

MARC details
000 -LEADER
fixed length control field 00563nam a2200181Ia 4500
100 ## - MAIN ENTRY--AUTHOR NAME
Personal name Kala R G
245 #0 - TITLE STATEMENT
Title Agrobacterium mediated genetic transformation in Hevea brasiliensis for recombinant protein production
260 ## - PUBLICATION, DISTRIBUTION, ETC. (IMPRINT)
Name of publisher Placrosym XVII, 2006, Kochi, India. Journal of Plantations Crops, 34(3): pp.582-586.
700 ## - ADDED ENTRY--PERSONAL NAME
Personal name Anu K S
700 ## - ADDED ENTRY--PERSONAL NAME
Personal name Jayasree P K
700 ## - ADDED ENTRY--PERSONAL NAME
Personal name Manesh K
700 ## - ADDED ENTRY--PERSONAL NAME
Personal name Narayanan P R
700 ## - ADDED ENTRY--PERSONAL NAME
Personal name Saleena A
700 ## - ADDED ENTRY--PERSONAL NAME
Personal name Thomas G
700 ## - ADDED ENTRY--PERSONAL NAME
Personal name Thulasedharan A
942 ## - ADDED ENTRY ELEMENTS (KOHA)
Koha item type Bibliography STAF
Holdings
Withdrawn status Lost status Damaged status Not for loan Home library Current library Shelving location Date acquired Koha item type
      Bibliography RRII Library RRII Library Biotechnology 09/04/2014 Bibliography STAF